000 01083nam a22003257a 4500
003 CHAP
005 20220329135641.0
008 971013s1979 r 00010 d
010 _a39922
011 _a40894
035 _a45020
040 _cCHAP
082 _a631.773
_bE8
110 _aE.U.A. Department of the Interior
_934911
245 _aIrrigation water use and management
_b: an interagency task force report
260 _aWashington :
_bThe Department,
_c1979
300 _a133 p.
_b: ilus. ; gráfs.
590 _aBATCH-UPD
_b10
_c20130110
_lUCH01
_h1656
590 _aBATCH-UPD
_b10
_c20130409
_lUCH01
_h2300
590 _aBATCH-UPD
_b10
_c20130410
_lUCH01
_h1402
590 _aBATCH-UPD
_b10
_c20130914
_lUCH01
_h1656
590 _aBATCH-UPD
_b10
_c20141001
_lUCH01
_h1311
590 _aCONVERSION
_b10
_c20130109
_lUCH01
_h1322
650 1 4 _aAgua para irrigacion.
_92430
650 1 4 _aAgua
_xUtilización.
_92401
650 1 4 _aIrrigación
_xE.U.A.
_960405
901 _aBK
942 _cLIBRO
949 _a631.773 E8
_bBC
_cLIBRO
_d33724000171351
_eLIBRO
_h66290
_i45020
_si
_t369.50
999 _c39922
_d39922